Culture Foot 1 - Statistiques

Statistiques générales
  • Ce quiz a été pris 335 fois
    310 depuis la dernière actualisation
  • Le résultat moyen est 10 sur 20
Statistiques - réponses
Question Réponse % Correct
Nom du centre de formation du FC Barcelone La Masia
83%
Ancien joueur africain passé notamment par le PSG et actuel président de son pays Weah
78%
Joueur ayant inscrit un retourné de plus de 30 mètres recompensé par le prix Puskas Ibrahimovic
75%
Année de création du Paris-Saint-Germain 1970
66%
Nom de Ronaldo "le brésilien" Nazàrio
65%
Joueur hollandais célèbre pour avoir longtemps porté des lunettes sur le terrain en raison de problèmes oculaires Davids
62%
Joueur célebre pour sa taille de 2 mètres passé par 11 clubs anglais Crouch
59%
Pays qui a organisé la Coupe du Monde 1986 Mexique
58%
Pays ayant remporté la CAN en 2015 après une séance de 17 tirs au buts Côte d'Ivoire
55%
Club basé à Birmingham 7 fois champions d'Angleterre Aston Villa
52%
Président de la FIFA de 1998 à 2015 Blatter
49%
Stade de l'AJ Auxerre Abbé-Deschamps
45%
Club qui a révelé Hugo Lloris OGC Nice
44%
Finaliste de la Coupe du Monde 1958 face au Brésil Suède
41%
Meilleur buteur de l'Argentine derrière Messi Batistuta
34%
Montant du transfert, en millions, d'Edinson Cavani au Paris-Saint-Germain 64
33%
Gardien paraguayen ayant inscrit 67 buts durant sa carrière Chilavert
27%
Unique buteur de l'Equipe de France lors de la Coupe du Monde 2010 Malouda
25%
Club champion d'Europe en 1988 PSV
20%
Milieu défensif argentin passé par le Real Madrid qui n'a joué que 300 matchs en raison de nombreuses blessures Redondo
15%
Aucun quiz correspondant
Distribution des résultats
% des personnes avec chaque résultat
Percentile par nombre de réponses
Votre historique - résultats
Vous n’avez pas pris ce quiz depuis la dernière actualisation